00000000nam##2200000za#4500
0019.651309
003CaOODSP
00520220125145841
007ta
008150407|2008||||xxc|||||     f|0| 0 eng|d
020 |a978-1-100-10627-4
040 |aCaOODSP|beng
043 |an-cn---
0861 |aD2-233/2008E
1101 |aCanada. |bDepartment of National Defence.
24510|aEffects-based approaches to operations : |bCanadian perspectives / |cedited by Allan English and Howard Coombs.
260 |bNational Defence |cc2008.
300 |av, 256p. : |bfigs., references ; |c25 cm.
5203 |aEffects-based operations (EBO) has been a source of debate for many years. As the papers presented in this book illustrate, the Canadian defence community has not been immune from this debate. The works contained in this volume are a first step in examining EBO from a Canadian point of view.
563 |aSoftcover
590 |a08-47|b2008-11-21
7201 |aEnglish, Allan
7201 |aCoombs, Howard G.
7760#|tEffects-based approaches to operations : |w(CaOODSP)9.691420